00391nam a2200157Ia 4500001000500000005001700005008004100022041000800063082001600071100003400087245005900121260000900180300002800189650000800217654000800225945320260306161719.0260306t2009||||xx |||||||||||||| ||spa|| aESP a379.01bA48 aAlvarado Oyarce, OtonieleAUT 0aPolítica educativa:bde la intención a la acción c2009 a196 páginas :c22 cm. aGEN aCED